| 000 | 00600nam a2200205 i 4500 | ||
|---|---|---|---|
| 001 | bg | ||
| 100 | 1 |
_aBIELECKI, Jan _d(?-2001). |
|
| 245 | 1 | 0 |
_aQuick C / _cJan Bielecki. |
| 260 |
_aWarszawa : _bWydawnictwa Komunikacji i Łączności, _c1990. |
||
| 300 |
_a271,[1] s. ; _c24 cm. |
||
| 650 | 9 | _aC (język programowania) | |
| 020 | _a8320609321 | ||
| 040 | _cBPK | ||
| 041 | 0 | _apl | |
| 080 | _a004 | ||
| 920 | _a83-206-0932-1 | ||
| 942 | _cKS | ||
| 008 | s pl f |000 0 pol | ||
| 856 |
_uhttp://koha.tu.koszalin.pl/cgi-bin/koha/opac-detail.pl?biblionumber=4182 _yKatalog online BPK |
||
| 999 |
_c4182 _d4182 |
||